000 00447nam a2200181Ia 4500
008 240925s9999 xx 000 0 und d
020 _aNA
082 _a154.2 MUR
100 _aMurphy, Joseph
245 0 _aZehan ki poshida taqat
250 _aNA
260 _aLahore:
_bKutub Maila
_c,2019.
300 _a839p.
_bN.A
_fPhotocopy
500 _aIncludes Index
600 _aHumanities & Natural Science
650 _aPsychology
942 _cBK
999 _c18034
_d18034